000 00902nas a2200301 4500
001 BR8905256
003 BR-BrBNA
005 20231205091743.0
007 ta
008 230509b bl.|||p| |||| 00| 00por d
040 _aBR-BrBNA
_bpor
_cBiblioteca Nacional de Agricultura
041 _a(Pt)
072 _aL01
100 1 _aBarbosa, C.
100 1 _aNogueira, J.R.
100 1 _aNardon, R.F.
100 1 _aPires, F.L.
100 1 _aCampos, B.E.S.
100 1 _aFeitosa, A.S.L.
245 1 _aDistribuicao anual da producao de leite de plantel bovino tropical (5/8 europeu x 3/8 gir)e bubalino da raca mediterraneo
650 _aLEITE
650 _aPRODUCAO LEITEIRA
650 _aGADO LEITEIRO
650 _aBUFALO
773 0 _tZootecnia (Brazil)
_xISSN 0044-5320
_g(Jul-Sep 1987), v. 25(3) p. 197-214
_wBR8905256
909 _a202311
_bLúcia
_c55
_dLúcia Elande
942 _2AGRIS
_n0
_cANA
999 _c127120
_d127120